Cahier de travaux dirigés : La vie économique et sociale de la nation/
Na minha lista:
| Autor principal: | |
|---|---|
| Outros Autores: | |
| Formato: | Sách giấy |
| Idioma: | French |
| Publicado em: |
France :
Bordas,
1970
|
| Tags: |
Adicionar Tag
Sem tags, seja o primeiro a adicionar uma tag!
|
| Thư viện lưu trữ: | Thư viện Trường Đại học Đà Lạt |
|---|
| LEADER | 00696nam a2200313 4500 | ||
|---|---|---|---|
| 001 | DLU040027761 | ||
| 040 | # | # | |a dlu |b vie |
| 041 | # | # | |a fre |
| 044 | # | # | |a FR |
| 082 | # | # | |a 330.9 |b Cah |
| 100 | # | # | |a Ibanès, Jean |
| 245 | # | # | |a Cahier de travaux dirigés : |b La vie économique et sociale de la nation/ |c Jean Ibanès |
| 260 | # | # | |a France : |b Bordas, |c 1970 |
| 300 | # | # | |a 348p.; |c 23cm. |
| 700 | # | # | |a Campuzan, Francis |
| 923 | # | # | |a 5/2004 |
| 992 | # | # | |a 6900 |
| 994 | # | # | |a DLU |
| 900 | # | # | |a True |
| 911 | # | # | |a Lê Thị Mạnh Xuân |
| 925 | # | # | |a G |
| 926 | # | # | |a A |
| 927 | # | # | |a SH |
| 980 | # | # | |a Thư viện Trường Đại học Đà Lạt |